cities in the developing world : (Record no. 57667)
[ view plain ]
| 000 -LEADER | |
|---|---|
| fixed length control field | 00791nam a2200241 a 4500 |
| 001 - CONTROL NUMBER | |
| control field | 57667 |
| 003 - CONTROL NUMBER IDENTIFIER | |
| rucl marc code | BD-RjUL |
| 005 - DATE AND TIME OF LATEST TRANSACTION | |
| control field | 20211209080535.0 |
| 008 - FIXED-LENGTH DATA ELEMENTS--GENERAL INFORMATION | |
| fixed length control field | 161211s1983 enk||||| |||| 001 0 eng d |
| 020 ## - INTERNATIONAL STANDARD BOOK NUMBER | |
| International Standard Book Number | 0195203828 |
| 035 ## - SYSTEM CONTROL NUMBER | |
| System control number | (BD-RjUL) 57791 |
| 040 ## - CATALOGING SOURCE | |
| Original cataloging agency | BD-RjUL |
| Language of cataloging | eng |
| Transcribing agency | BD-RjUL |
| 041 ## - LANGUAGE CODE | |
| Language code of text/sound track or separate title | eng |
| 082 ## - DEWEY DECIMAL CLASSIFICATION NUMBER | |
| Edition number | 23 |
| Classification number | 307.76091724 |
| Author mark and year | LIC 1983 |
| 100 ## - MAIN ENTRY--PERSONAL NAME | |
| Personal name | Linn, Johannes F. |
| 9 (RLIN) | 171251 |
| 245 ## - TITLE STATEMENT | |
| Title | cities in the developing world : |
| Remainder of title | Policies for their equitable and efficient growth / |
| Statement of responsibility, etc. | Johannes F. Linn |
| 260 ## - PUBLICATION, DISTRIBUTION, ETC. (IMPRINT) | |
| Place of publication, distribution, etc. | London : |
| Name of publisher, distributor, etc. | The World Bank, Oxford University press, |
| Date of publication, distribution, etc. | c1983. |
| 300 ## - PHYSICAL DESCRIPTION | |
| Pagination | xxi, 230 p. ; |
| Size | 23 cm. |
| 500 ## - GENERAL NOTE | |
| General note | Includes index |
| 650 ## - SUBJECT ADDED ENTRY--TOPICAL TERM | |
| Topical term or geographic name as entry element | Urbanization |
| Geographic subdivision | Developing countries |
| 9 (RLIN) | 170674 |
| Topical term or geographic name as entry element | Cities and towns |
| Geographic subdivision | Developing countries |
| 9 (RLIN) | 170675 |
| 942 ## - ADDED ENTRY ELEMENTS (KOHA) | |
| Source of classification or shelving scheme | Dewey Decimal Classification |
| Koha item type | Books |
| Lost status | Source of classification or shelving scheme | Damaged status | Not for loan | Collection code | Permanent Location | Current Location | Shelving location | Date acquired | Source of acquisition | Total Checkouts | Full call number | Date last seen | Copy number | Koha item type |
|---|---|---|---|---|---|---|---|---|---|---|---|---|---|---|
| Dewey Decimal Classification | Not For Loan | Non-fiction | Central Library, University of Rajshahi | Central Library, University of Rajshahi | Reading Room | 14/08/1983 | World Bank, Welington | 307.76091724 LIC 1983 | 11/12/2016 | C-1 | Books |